Normal view
MARC view
Entry Personal Name
001 - CONTROL NUMBER
- control field: 44317
003 - CONTROL NUMBER IDENTIFIER
- control field: dpl
005 - DATE AND TIME OF LATEST TRANSACTION
- control field: 20120326152118.0
008 - FIXED-LENGTH DATA ELEMENTS
- fixed length control field: 120326|||a|||||| | ||| d
040 ## - CATALOGING SOURCE
- Original cataloging agency: dpl
- Transcribing agency: dpl
100 ## - HEADING--PERSONAL NAME
- Personal name: गुप्त, महेशचन्द्र
670 ## - SOURCE DATA FOUND
- Source citation: Work cat.: (dpl): गुप्त, महेशचन्द्र, प्रशासनिक हिन्दीः ऐतिहासिक सन्दर्भ /, 2011
670 ## - SOURCE DATA FOUND
- Source citation: Work cat.: (dpl): गुप्त, महेशचन्द्र, प्रशासनिक हिन्दीः ऐतिहासिक सन्दर्भ /, 2011
